Voc allemand - Nature - Statistiques

Statistiques générales
  • Ce quiz a été pris 26 fois
    17 depuis la dernière actualisation
  • Le résultat moyen est 22 sur 50
Statistiques - réponses
Hint Réponse % Correct
Die Sonne, -n Le soleil
100%
Der Planet, -en La planète
93%
Die Welt Le monde
93%
Der Plan, ¨-e Le plan
93%
Das Meer, -e / Die See La mer
87%
Die Landkarte, -n La carte
80%
Die Erde La terre
80%
Der Himmel Le ciel
80%
Der Erdteil,-e / Der Kontinent, -e Le continent
80%
Der Berg, -e La montagne
73%
Der Kanal, ¨-e Le canal
73%
Der See, -n Le lac
73%
Der Stern, -e L'étoile
73%
Der Atlas, Atlanten L'atlas
67%
Der Fluss, ¨-e Le fleuve / la rivière
67%
Der Ozean, -e L'océan
67%
Der Mond, -e La lune
60%
Das Schwimmbad, ¨-er La piscine
60%
Die Insel, -n L'île
60%
Der Stein, -e La pierre
53%
Der Strand, ¨-e La plage
47%
Die Brücke, -n Le pont
47%
Die Quelle, -n La source
40%
Die Umwelt L'environnement
40%
Die Landschaft, -en Le paysage
40%
Fliessen Couler
33%
Das Land La campagne
33%
De Küste, -n La côte
33%
Der Bauer, -n L'agriculteur / le paysan
33%
Der Weizen Le blé
33%
Die Umweltverschmutzung La pollution
27%
Die Ernte, -n La récolte / la moisson
27%
Die Gegend, -en La région
27%
Das Feld, -er Le champ
27%
Ernten Récolter / moissonner
27%
Der Tropfen La goutte
20%
Die Landwirtschaft L'agriculture
20%
Das Tal, ¨-er La vallée
20%
Nass Mouillé
20%
Tief / flach Profond / peu profond
20%
Trocken Sec
20%
Feucht Humide
13%
Die Höhe, -n L'altitude
13%
Das Festland La terre ferme
13%
Säen Semer
13%
Der Felsen Le rocher
7%
Das Getreide / Das Korn Les céréales
7%
Das Gebirge Les montagnes
7%
Das Flachland La plaine
0%
Das Ufer La rive
0%
Aucun quiz correspondant
Distribution des résultats
% des personnes avec chaque résultat
Percentile par nombre de réponses
Votre historique - résultats
Vous n’avez pas pris ce quiz depuis la dernière actualisation